| 000 | 00805nam a22002415i 4500 | ||
|---|---|---|---|
| 001 | 176399 | ||
| 003 | ES-MaACL | ||
| 005 | 20230906220052.0 | ||
| 008 | 110113s1964 sp a |||| | spa d | ||
| 080 | _a616-002.77 | ||
| 100 | 0 |
_aChabot, Jacques. _9144705 |
|
| 245 | 1 | 4 |
_aLas consultas diarias en reumatología / _cpor Jacques Chabot ; prólogo de F. Coste ; versión española de A. Jornet. |
| 260 |
_aBarcelona : _bToray-Masson, _cD. L. 1964. |
||
| 300 |
_aXII, 195 p. : _bil. bl. y n. ; _c22 cm. |
||
| 490 | 1 |
_aLas consultas diarias ; _v3 |
|
| 500 | _aÍndice. | ||
| 650 | 0 | 4 |
_aReumatismo. _9136831 |
| 700 | 1 |
_aCoste, F. _9144706 |
|
| 700 | 1 |
_aJornet Cases, A. _966960 |
|
| 830 | 0 |
_aLas consultas diarias ; _v3 _9190025 |
|
| 852 |
_aES-MaACL _jE-14032 _xOlim P-210-Ter |
||
| 999 |
_c176399 _d176399 |
||